[Event "Girls U12 Polish Youth Championship"]
[Site "chess24.com"]
[Date "2018.05.03"]
[Round "6"]
[White "Maslewska, Anna"]
[Black "Skolska, Emilia"]
[Result "1/2-1/2"]
[Board "19"]
[WhiteElo "1124"]
[WhiteCountry "POL"]
[WhiteFideId "21839581"]
[WhiteEloChange "2"]
[BlackElo "1211"]
[BlackCountry "POL"]
[BlackFideId "21883645"]
[BlackEloChange "-2"]

1. e4 {[%clk 1:30:58]} e5 {[%clk 1:30:56]} 2. Nf3 {[%clk 1:31:21]} Nc6 {[%clk
1:31:20]} 3. Bb5 {[%clk 1:31:42]} a6 {[%clk 1:31:44]} 4. Ba4 {[%clk 1:31:59]} d6
{[%clk 1:32:07]} 5. h3 {[%clk 1:31:38]} Nf6 {[%clk 1:32:26]} 6. d3 {[%clk
1:31:41]} Bd7 {[%clk 1:32:12]} 7. Nc3 {[%clk 1:31:30]} Be7 {[%clk 1:31:55]} 8.
Be3 {[%clk 1:31:10]} O-O {[%clk 1:31:49]} 9. O-O {[%clk 1:31:24]} b5 {[%clk
1:30:52]} 10. Bb3 {[%clk 1:31:40]} Be6 {[%clk 1:28:45]} 11. Nd2 {[%clk 1:30:17]}
Bxb3 {[%clk 1:27:40]} 12. Nxb3 {[%clk 1:29:07]} d5 {[%clk 1:26:17]} 13. exd5
{[%clk 1:27:02]} Nxd5 {[%clk 1:26:38]} 14. Nxd5 {[%clk 1:25:28]} Qxd5 {[%clk
1:26:53]} 15. f4 {[%clk 1:25:02]} Rad8 {[%clk 1:20:06]} 16. fxe5 {[%clk 1:23:36]}
Nxe5 {[%clk 1:16:12]} 17. Qe2 {[%clk 1:16:36]} Bf6 {[%clk 1:12:20]} 18. Bd4
{[%clk 1:13:33]} Rfe8 {[%clk 1:10:35]} 19. Qf2 {[%clk 1:08:59]} a5 {[%clk
1:06:03]} 20. a4 {[%clk 1:00:21]} bxa4 {[%clk 1:00:15]} 21. Rxa4 {[%clk 1:00:34]}
Nxd3 {[%clk 0:43:32]} 22. cxd3 {[%clk 0:58:50]} Qxb3 {[%clk 0:43:45]} 23. Bxf6
{[%clk 0:58:46]} gxf6 {[%clk 0:43:42]} 24. Rg4+ {[%clk 0:58:07]} Kf8 {[%clk
0:42:23]} 25. Qxf6 {[%clk 0:57:40]} Qb6+ {[%clk 0:42:38]} 26. Kh1 {[%clk
0:56:55]} Qxf6 {[%clk 0:41:13]} 27. Rxf6 {[%clk 0:57:15]} Rxd3 {[%clk 0:41:20]}
28. Rf5 {[%clk 0:56:25]} Ra8 {[%clk 0:40:13]} 29. Ra4 {[%clk 0:56:31]} Rb3 {[%clk
0:40:09]} 30. Raxa5 {[%clk 0:56:53]} Rxa5 {[%clk 0:40:24]} 31. Rxa5 {[%clk
0:57:18]} Rxb2 {[%clk 0:40:42]} 32. Rc5 {[%clk 0:57:34]} Rb7 {[%clk 0:40:37]} 33.
Kh2 {[%clk 0:57:57]} Ke7 {[%clk 0:40:40]} 34. Kg3 {[%clk 0:58:06]} Kd6 {[%clk
0:40:44]} 35. Rc2 {[%clk 0:57:28]} c5 {[%clk 0:41:01]} 36. Kf4 {[%clk 0:57:38]}
Kd5 {[%clk 0:40:44]} 37. Ke3 {[%clk 0:57:13]} Rb3+ {[%clk 0:40:56]} 38. Ke2
{[%clk 0:56:27]} c4 {[%clk 0:40:45]} 39. Kd2 {[%clk 0:56:18]} Rg3 {[%clk
0:40:52]} 40. Ke1 {[%clk 0:56:11]} Kd4 {[%clk 0:40:35]} 41. Kd1 {[%clk 0:56:29]}
c3 {[%clk 0:38:45]} 42. Kc1 {[%clk 0:56:41]} Re3 {[%clk 0:38:25]} 43. Kd1 {[%clk
0:56:04]} Kd3 {[%clk 0:37:30]} 44. Rf2 {[%clk 0:55:55]} Re5 {[%clk 0:32:05]} 45.
Rf3+ {[%clk 0:53:52]} Kc4 {[%clk 0:31:56]} 46. Rxf7 {[%clk 0:53:36]} c2+ {[%clk
0:23:39]} 47. Kxc2 {[%clk 0:53:02]} Re2+ {[%clk 0:24:03]} 48. Kd1 {[%clk
0:53:14]} Rxg2 {[%clk 0:24:26]} 49. Rxh7 {[%clk 0:53:21]} Rh2 {[%clk 0:24:49]}
50. h4 {[%clk 0:52:47]} Kd3 {[%clk 0:24:42]} 51. Rd7+ {[%clk 0:52:52]} Ke4 {[%clk
0:25:06]} 52. Rb7 {[%clk 0:52:45]} Kf5 {[%clk 0:25:19]} 53. h5 {[%clk 0:52:47]}
Kg5 {[%clk 0:25:27]} 54. Ke1 {[%clk 0:52:51]} Rxh5 {[%clk 0:25:43]} 55. Rb5+
{[%clk 0:53:11]} Kh6 {[%clk 0:26:05]} 56. Rxh5+ {[%clk 0:53:24]} Kxh5 {[%clk
0:26:29]} 1/2-1/2

[Event "Girls U12 Polish Youth Championship"]
[Site "chess24.com"]
[Date "2018.05.03"]
[Round "6"]
[White "Romejko, Jagoda"]
[Black "Giemza, Julia"]
[Result "0-1"]
[Board "20"]
[WhiteElo "1083"]
[WhiteCountry "POL"]
[WhiteFideId "21836523"]
[WhiteEloChange "-7"]
[BlackElo "1195"]
[BlackCountry "POL"]
[BlackFideId "21872112"]
[BlackEloChange "7"]

1. e4 {[%clk 1:30:57]} c5 {[%clk 1:30:53]} 2. Nf3 {[%clk 1:31:07]} e6 {[%clk
1:31:06]} 3. d4 {[%clk 1:30:45]} cxd4 {[%clk 1:31:12]} 4. Nxd4 {[%clk 1:30:48]}
Qb6 {[%clk 1:30:52]} 5. Nc3 {[%clk 1:29:50]} Bc5 {[%clk 1:29:57]} 6. Na4 {[%clk
1:28:47]} Qa5+ {[%clk 1:28:34]} 7. c3 {[%clk 1:27:59]} Bxd4 {[%clk 1:27:21]} 8.
Qxd4 {[%clk 1:26:26]} Nf6 {[%clk 1:26:04]} 9. Nc5 {[%clk 1:25:11]} Nc6 {[%clk
1:21:27]} 10. Qe3 {[%clk 1:24:29]} d5 {[%clk 1:12:16]} 11. Bd2 {[%clk 0:55:28]}
Qb6 {[%clk 1:01:48]} 12. Be2 {[%clk 0:53:02]} Qxb2 {[%clk 0:56:19]} 13. O-O
{[%clk 0:49:03]} Nxe4 {[%clk 0:46:37]} 14. Nxe4 {[%clk 0:42:13]} dxe4 {[%clk
0:46:31]} 15. Rfb1 {[%clk 0:41:37]} Qa3 {[%clk 0:44:19]} 16. Qxe4 {[%clk
0:40:04]} O-O {[%clk 0:39:21]} 17. Bd3 {[%clk 0:37:31]} f5 {[%clk 0:35:38]} 18.
Qe3 {[%clk 0:29:21]} Rd8 {[%clk 0:31:47]} 19. Qg3 {[%clk 0:24:59]} Qd6 {[%clk
0:29:10]} 20. Qxd6 {[%clk 0:18:51]} Rxd6 {[%clk 0:29:33]} 21. Be3 {[%clk
0:19:07]} Rxd3 {[%clk 0:29:07]} 22. c4 {[%clk 0:19:26]} e5 {[%clk 0:24:23]} 23.
Re1 {[%clk 0:16:13]} f4 {[%clk 0:23:12]} 24. Bc5 {[%clk 0:15:54]} b6 {[%clk
0:23:01]} 25. Bxb6 {[%clk 0:15:50]} axb6 {[%clk 0:23:17]} 26. h3 {[%clk 0:16:07]}
Be6 {[%clk 0:23:20]} 27. Rec1 {[%clk 0:16:12]} Nd4 {[%clk 0:22:52]} 28. Rcb1
{[%clk 0:15:58]} Nc2 {[%clk 0:22:10]} 29. Rxb6 {[%clk 0:15:59]} Nxa1 {[%clk
0:21:21]} 30. Rxe6 {[%clk 0:16:20]} Ra5 {[%clk 0:21:26]} 31. a3 {[%clk 0:15:07]}
Rdxa3 {[%clk 0:21:21]} 0-1

[Event "Girls U12 Polish Youth Championship"]
[Site "chess24.com"]
[Date "2018.05.03"]
[Round "6"]
[White "Brelinska, Matylda"]
[Black "Szewczuk, Aleksandra"]
[Result "0-1"]
[Board "21"]
[WhiteElo "1051"]
[WhiteCountry "POL"]
[WhiteFideId "21861072"]
[WhiteEloChange "-6"]
[BlackElo "1178"]
[BlackCountry "POL"]
[BlackFideId "21861625"]
[BlackEloChange "6"]

1. e4 {[%clk 1:30:59]} c6 {[%clk 1:30:48]} 2. Nc3 {[%clk 1:31:17]} d5 {[%clk
1:30:45]} 3. Nf3 {[%clk 1:31:41]} dxe4 {[%clk 1:27:41]} 4. Nxe4 {[%clk 1:31:53]}
Bf5 {[%clk 1:26:55]} 5. Ng3 {[%clk 1:31:06]} Bg6 {[%clk 1:26:23]} 6. d4 {[%clk
1:30:26]} Nd7 {[%clk 1:24:45]} 7. Be3 {[%clk 1:30:40]} e6 {[%clk 1:21:39]} 8. Bc4
{[%clk 1:30:44]} Ngf6 {[%clk 1:19:53]} 9. Qd2 {[%clk 1:30:56]} Bd6 {[%clk
1:18:39]} 10. O-O-O {[%clk 1:30:21]} b5 {[%clk 1:17:42]} 11. Bb3 {[%clk 1:30:33]}
a5 {[%clk 1:17:32]} 12. a3 {[%clk 1:30:41]} h6 {[%clk 1:16:18]} 13. Rhf1 {[%clk
1:30:47]} a4 {[%clk 1:15:39]} 14. Ba2 {[%clk 1:31:02]} Rb8 {[%clk 1:14:53]} 15.
Bf4 {[%clk 1:31:07]} Qc7 {[%clk 1:14:20]} 16. Be3 {[%clk 1:30:27]} b4 {[%clk
1:13:39]} 17. Bb1 {[%clk 1:23:09]} bxa3 {[%clk 1:13:26]} 18. c3 {[%clk 1:22:43]}
axb2+ {[%clk 1:13:27]} 19. Qxb2 {[%clk 1:21:10]} Rxb2 {[%clk 1:13:49]} 20. Bxg6
{[%clk 1:21:22]} Ba3 {[%clk 1:12:58]} 21. Ne1 {[%clk 1:20:49]} Re2+ {[%clk
1:13:05]} 22. Kb1 {[%clk 1:20:54]} Qb7+ {[%clk 1:13:23]} 23. Ka1 {[%clk 1:20:39]}
Qb2# {[%clk 1:13:44]} 0-1

[Event "Girls U12 Polish Youth Championship"]
[Site "chess24.com"]
[Date "2018.05.03"]
[Round "6"]
[White "Kuczynska, Katarzyna"]
[Black "Walendykiewicz, Martyna"]
[Result "1-0"]
[Board "22"]
[WhiteElo "1131"]
[WhiteCountry "POL"]
[WhiteFideId "21806390"]
[WhiteEloChange "8"]
[BlackElo "1071"]
[BlackCountry "POL"]
[BlackFideId "21832927"]
[BlackEloChange "-8"]

1. e4 {[%clk 1:30:57]} e5 {[%clk 1:30:55]} 2. Nf3 {[%clk 1:31:20]} Nf6 {[%clk
1:31:16]} 3. Nxe5 {[%clk 1:31:16]} d6 {[%clk 1:31:41]} 4. Nf3 {[%clk 1:31:23]}
Nxe4 {[%clk 1:31:59]} 5. Nc3 {[%clk 1:31:31]} Nxc3 {[%clk 1:32:15]} 6. dxc3
{[%clk 1:31:55]} Bg4 {[%clk 1:32:30]} 7. Be2 {[%clk 1:31:21]} Be7 {[%clk
1:32:52]} 8. Be3 {[%clk 1:29:24]} Nc6 {[%clk 1:32:48]} 9. Qd2 {[%clk 1:27:55]}
Qd7 {[%clk 1:29:59]} 10. O-O-O {[%clk 1:26:30]} O-O-O {[%clk 1:30:09]} 11. h3
{[%clk 1:25:04]} Be6 {[%clk 1:28:51]} 12. Bb5 {[%clk 1:19:01]} Qe8 {[%clk
1:28:25]} 13. Nd4 {[%clk 1:16:56]} Bd7 {[%clk 1:28:23]} 14. f3 {[%clk 1:15:06]}
Rg8 {[%clk 1:20:49]} 15. Rhe1 {[%clk 1:10:00]} Nxd4 {[%clk 1:16:29]} 16. Bxd7+
{[%clk 1:10:19]} Qxd7 {[%clk 1:16:43]} 17. Qxd4 {[%clk 1:09:45]} b6 {[%clk
1:14:05]} 18. Qe4 {[%clk 1:06:09]} Qe6 {[%clk 1:09:51]} 19. Qd5 {[%clk 1:02:08]}
Qxd5 {[%clk 1:07:08]} 20. Rxd5 {[%clk 1:02:36]} Bf6 {[%clk 1:06:49]} 21. Bd4
{[%clk 1:02:14]} Bxd4 {[%clk 1:06:39]} 22. cxd4 {[%clk 1:01:57]} Rge8 {[%clk
1:06:46]} 23. Rxe8 {[%clk 1:01:59]} Rxe8 {[%clk 1:07:03]} 24. Kd2 {[%clk
1:02:17]} Kd7 {[%clk 1:07:21]} 25. Rg5 {[%clk 1:01:24]} g6 {[%clk 1:06:47]} 26.
Rb5 {[%clk 1:00:36]} Kc6 {[%clk 1:06:12]} 27. Rb3 {[%clk 1:00:51]} Kd7 {[%clk
1:02:49]} 28. Re3 {[%clk 1:01:01]} Rc8 {[%clk 1:01:07]} 29. Ra3 {[%clk 0:58:44]}
a5 {[%clk 1:00:28]} 30. Rb3 {[%clk 0:58:38]} Kc6 {[%clk 0:58:37]} 31. Re3 {[%clk
0:57:43]} Kd7 {[%clk 0:58:15]} 32. Rb3 {[%clk 0:56:52]} Ke6 {[%clk 0:57:25]} 33.
Re3+ {[%clk 0:56:53]} Kf6 {[%clk 0:57:13]} 34. Rc3 {[%clk 0:55:51]} Kf5 {[%clk
0:55:41]} 35. Ke3 {[%clk 0:54:06]} Re8+ {[%clk 0:55:30]} 36. Kf2 {[%clk 0:54:28]}
Re7 {[%clk 0:52:16]} 37. Re3 {[%clk 0:51:49]} Re6 {[%clk 0:50:35]} 38. Rxe6
{[%clk 0:50:11]} fxe6 {[%clk 0:49:52]} 39. Ke3 {[%clk 0:50:30]} d5 {[%clk
0:48:55]} 40. a4 {[%clk 0:49:28]} h6 {[%clk 0:48:21]} 41. g3 {[%clk 0:46:37]} e5
{[%clk 0:43:58]} 42. g4+ {[%clk 0:44:42]} Kf6 {[%clk 0:43:57]} 43. dxe5+ {[%clk
0:44:13]} Kxe5 {[%clk 0:44:04]} 44. f4+ {[%clk 0:44:10]} Ke6 {[%clk 0:43:32]} 45.
h4 {[%clk 0:43:34]} c5 {[%clk 0:42:51]} 46. b3 {[%clk 0:43:06]} h5 {[%clk
0:41:09]} 47. Kf3 {[%clk 0:42:11]} Kf6 {[%clk 0:40:51]} 48. f5 {[%clk 0:35:09]}
g5 {[%clk 0:15:28]} 49. hxg5+ {[%clk 0:30:16]} Kxg5 {[%clk 0:15:43]} 50. gxh5
{[%clk 0:30:41]} Kxf5 {[%clk 0:16:04]} 51. h6 {[%clk 0:31:06]} Kg6 {[%clk
0:16:27]} 52. h7 {[%clk 0:31:29]} Kxh7 {[%clk 0:16:54]} 53. Kf4 {[%clk 0:31:47]}
Kg7 {[%clk 0:17:23]} 54. Ke5 {[%clk 0:32:07]} d4 {[%clk 0:17:36]} 55. Kd6 {[%clk
0:32:29]} Kf6 {[%clk 0:18:01]} 56. Kc6 {[%clk 0:31:49]} Ke5 {[%clk 0:18:23]} 57.
Kxb6 {[%clk 0:32:09]} Kd6 {[%clk 0:18:37]} 58. Kxa5 {[%clk 0:31:56]} Kc7 {[%clk
0:19:00]} 59. Kb5 {[%clk 0:32:15]} Kb7 {[%clk 0:19:12]} 60. Kxc5 {[%clk 0:32:39]}
1-0

[Event "Girls U12 Polish Youth Championship"]
[Site "chess24.com"]
[Date "2018.05.03"]
[Round "6"]
[White "Karys, Katarzyna"]
[Black "Kandula, Jasmina"]
[Result "1-0"]
[Board "24"]
[WhiteElo "1084"]
[WhiteCountry "POL"]
[WhiteFideId "21834253"]
[WhiteEloChange "12"]
[BlackElo "1143"]
[BlackCountry "POL"]
[BlackFideId "21844330"]
[BlackEloChange "-12"]

1. e4 {[%clk 1:30:20]} c5 {[%clk 1:30:59]} 2. Nf3 {[%clk 1:30:40]} Nc6 {[%clk
1:31:26]} 3. d4 {[%clk 1:31:00]} cxd4 {[%clk 1:31:45]} 4. Nxd4 {[%clk 1:31:07]}
g6 {[%clk 1:32:02]} 5. Nc3 {[%clk 1:31:24]} Bg7 {[%clk 1:31:49]} 6. Be3 {[%clk
1:31:40]} Nf6 {[%clk 1:31:52]} 7. Be2 {[%clk 1:31:26]} O-O {[%clk 1:31:28]} 8.
Qd2 {[%clk 1:29:44]} d5 {[%clk 1:30:05]} 9. exd5 {[%clk 1:28:54]} Nxd5 {[%clk
1:29:22]} 10. Nxd5 {[%clk 1:28:33]} Qxd5 {[%clk 1:29:36]} 11. Bf3 {[%clk
1:27:12]} Qd7 {[%clk 1:26:28]} 12. c3 {[%clk 1:23:02]} Nxd4 {[%clk 1:23:27]} 13.
Bxd4 {[%clk 1:22:51]} Bxd4 {[%clk 1:23:36]} 14. cxd4 {[%clk 1:22:58]} Rd8 {[%clk
1:18:29]} 15. Rd1 {[%clk 1:19:33]} Qe6+ {[%clk 1:16:48]} 16. Qe3 {[%clk 1:17:01]}
Rb8 {[%clk 1:14:00]} 17. d5 {[%clk 1:14:00]} Qxe3+ {[%clk 1:11:06]} 18. fxe3
{[%clk 1:14:18]} b6 {[%clk 1:08:19]} 19. Rd3 {[%clk 1:08:13]} Ba6 {[%clk
1:07:18]} 20. Ra3 {[%clk 1:07:00]} Bc4 {[%clk 1:02:41]} 21. Rxa7 {[%clk 1:05:55]}
Bxd5 {[%clk 1:01:49]} 22. Bxd5 {[%clk 1:05:23]} Rxd5 {[%clk 1:02:17]} 23. Rxe7
{[%clk 1:05:30]} Rbd8 {[%clk 1:02:00]} 24. O-O {[%clk 1:04:13]} f5 {[%clk
1:01:55]} 25. Rb7 {[%clk 1:03:02]} R8d6 {[%clk 1:01:30]} 26. h3 {[%clk 1:02:10]}
Rb5 {[%clk 0:56:18]} 27. b3 {[%clk 1:01:04]} Rd2 {[%clk 0:55:11]} 28. Rc1 {[%clk
1:00:10]} Rc5 {[%clk 0:55:27]} 29. Rxc5 {[%clk 0:57:21]} bxc5 {[%clk 0:55:56]}
30. Rc7 {[%clk 0:57:15]} Rxa2 {[%clk 0:50:16]} 31. Rxc5 {[%clk 0:57:11]} Rb2
{[%clk 0:50:35]} 32. Rc3 {[%clk 0:57:33]} Kf7 {[%clk 0:50:37]} 33. Kh2 {[%clk
0:57:31]} Ke6 {[%clk 0:50:51]} 34. Kg3 {[%clk 0:57:52]} Ke5 {[%clk 0:50:21]} 35.
Kf3 {[%clk 0:57:44]} Rb1 {[%clk 0:48:26]} 36. Rc5+ {[%clk 0:55:18]} Kd6 {[%clk
0:48:18]} 37. Rb5 {[%clk 0:54:59]} Ke6 {[%clk 0:45:57]} 38. Rb7 {[%clk 0:54:43]}
Kf6 {[%clk 0:46:01]} 39. b4 {[%clk 0:54:15]} Kg5 {[%clk 0:43:46]} 40. b5 {[%clk
0:51:43]} h5 {[%clk 0:43:11]} 41. b6 {[%clk 0:48:50]} Rb3 {[%clk 0:43:20]} 42.
Kf2 {[%clk 0:40:57]} Rb2+ {[%clk 0:42:04]} 43. Kg3 {[%clk 0:36:49]} Rb3 {[%clk
0:40:42]} 44. h4+ {[%clk 0:34:57]} Kf6 {[%clk 0:40:52]} 45. Kf4 {[%clk 0:34:31]}
Rb4+ {[%clk 0:40:38]} 46. Kg3 {[%clk 0:34:28]} Rg4+ {[%clk 0:38:21]} 47. Kh3
{[%clk 0:33:25]} Re4 {[%clk 0:37:28]} 48. Rb8 {[%clk 0:32:32]} Rxe3+ {[%clk
0:36:46]} 49. Kh2 {[%clk 0:32:50]} Rb3 {[%clk 0:36:13]} 50. b7 {[%clk 0:32:59]}
Ke7 {[%clk 0:35:33]} 51. Rh8 {[%clk 0:32:20]} Kd7 {[%clk 0:34:49]} 52. b8Q {[%clk
0:31:52]} Rxb8 {[%clk 0:34:26]} 53. Rxb8 {[%clk 0:32:11]} Ke6 {[%clk 0:34:02]}
54. Rb6+ {[%clk 0:32:29]} Kf7 {[%clk 0:34:14]} 55. Kg3 {[%clk 0:32:47]} Kg7
{[%clk 0:33:44]} 56. Kf4 {[%clk 0:32:53]} g5+ {[%clk 0:32:47]} 57. Kxg5 {[%clk
0:33:02]} f4 {[%clk 0:33:06]} 58. Rb7+ {[%clk 0:33:07]} Kf8 {[%clk 0:33:31]} 59.
Kf6 {[%clk 0:33:03]} Ke8 {[%clk 0:33:51]} 60. Rh7 {[%clk 0:33:14]} Kd8 {[%clk
0:34:09]} 61. Ke6 {[%clk 0:32:24]} Kc8 {[%clk 0:33:36]} 62. Kd6 {[%clk 0:32:45]}
Kb8 {[%clk 0:33:00]} 63. Kc6 {[%clk 0:33:06]} f3 {[%clk 0:33:16]} 64. gxf3 {[%clk
0:33:19]} Ka8 {[%clk 0:33:40]} 65. Kb6 {[%clk 0:33:39]} Kb8 {[%clk 0:33:55]} 66.
Rh8# {[%clk 0:34:00]} 1-0

[Event "Girls U12 Polish Youth Championship"]
[Site "chess24.com"]
[Date "2018.05.03"]
[Round "6"]
[White "Golinska, Patrycja"]
[Black "Sobieraj, Wiktoria"]
[Result "1-0"]
[Board "25"]
[WhiteElo "1056"]
[WhiteCountry "POL"]
[WhiteFideId "21836744"]
[WhiteEloChange "12"]
[BlackElo "1130"]
[BlackCountry "POL"]
[BlackFideId "21839107"]
[BlackEloChange "-12"]

1. e4 {[%clk 1:30:58]} c6 {[%clk 1:30:56]} 2. d4 {[%clk 1:31:08]} d5 {[%clk
1:31:21]} 3. exd5 {[%clk 1:31:30]} cxd5 {[%clk 1:31:42]} 4. c4 {[%clk 1:31:51]}
Nf6 {[%clk 1:32:00]} 5. Nc3 {[%clk 1:31:37]} Nc6 {[%clk 1:31:17]} 6. Nf3 {[%clk
1:31:17]} Bg4 {[%clk 1:31:13]} 7. Be3 {[%clk 1:26:43]} e6 {[%clk 1:29:59]} 8. h3
{[%clk 1:21:47]} Bxf3 {[%clk 1:28:38]} 9. Qxf3 {[%clk 1:21:47]} dxc4 {[%clk
1:28:46]} 10. Bxc4 {[%clk 1:21:47]} Bb4 {[%clk 1:24:02]} 11. O-O {[%clk 1:21:23]}
O-O {[%clk 1:22:18]} 12. Rad1 {[%clk 1:16:34]} Re8 {[%clk 1:14:36]} 13. d5 {[%clk
1:13:22]} exd5 {[%clk 1:05:56]} 14. Nxd5 {[%clk 1:08:17]} Nxd5 {[%clk 1:05:54]}
15. Bxd5 {[%clk 1:07:59]} Qc7 {[%clk 1:04:00]} 16. Qg4 {[%clk 1:06:15]} Kh8
{[%clk 1:02:23]} 17. Bxc6 {[%clk 1:05:39]} Qxc6 {[%clk 1:02:01]} 18. Qxb4 {[%clk
1:05:03]} Re6 {[%clk 1:01:14]} 19. Qd2 {[%clk 1:03:22]} h6 {[%clk 0:58:50]} 20.
Bf4 {[%clk 1:00:56]} Rg6 {[%clk 0:57:53]} 21. Bg3 {[%clk 1:00:01]} b6 {[%clk
0:55:37]} 22. Rc1 {[%clk 0:59:37]} Qb7 {[%clk 0:55:47]} 23. Rc7 {[%clk 0:57:47]}
Qa6 {[%clk 0:55:17]} 24. Qd5 {[%clk 0:56:08]} Rf8 {[%clk 0:54:26]} 25. Rxf7
{[%clk 0:55:00]} Rxf7 {[%clk 0:54:40]} 26. Qxf7 {[%clk 0:55:16]} Rf6 {[%clk
0:54:47]} 27. Qe7 {[%clk 0:55:11]} Qxa2 {[%clk 0:54:45]} 28. Rd1 {[%clk 0:53:09]}
Qa4 {[%clk 0:53:06]} 29. Rd7 {[%clk 0:51:33]} Rg6 {[%clk 0:53:15]} 30. Be5 {[%clk
0:50:07]} Kg8 {[%clk 0:51:56]} 31. Qe8+ {[%clk 0:49:51]} Kh7 {[%clk 0:52:09]} 32.
Rxg7+ {[%clk 0:49:58]} 1-0

[Event "Girls U12 Polish Youth Championship"]
[Site "chess24.com"]
[Date "2018.05.03"]
[Round "6"]
[White "Ziegert, Krystyna"]
[Black "Sivickis, Kornelia"]
[Result "0-1"]
[Board "26"]
[WhiteElo "1001"]
[WhiteCountry "POL"]
[WhiteFideId "21861080"]
[WhiteEloChange "-9"]
[BlackElo "1026"]
[BlackCountry "POL"]
[BlackFideId "21836531"]
[BlackEloChange "9"]

1. e4 {[%clk 1:30:59]} c5 {[%clk 1:30:53]} 2. Nf3 {[%clk 1:31:23]} d6 {[%clk
1:31:17]} 3. d4 {[%clk 1:31:38]} cxd4 {[%clk 1:31:40]} 4. Nxd4 {[%clk 1:31:40]}
Nf6 {[%clk 1:32:04]} 5. Nc3 {[%clk 1:32:03]} a6 {[%clk 1:32:30]} 6. Be2 {[%clk
1:31:41]} e5 {[%clk 1:32:43]} 7. Nf3 {[%clk 1:31:40]} Be7 {[%clk 1:32:58]} 8. Be3
{[%clk 1:31:55]} Be6 {[%clk 1:30:57]} 9. O-O {[%clk 1:22:28]} O-O {[%clk
1:30:59]} 10. a3 {[%clk 1:22:39]} Nbd7 {[%clk 1:31:18]} 11. Ne1 {[%clk 1:20:52]}
Qc7 {[%clk 1:24:28]} 12. Qd2 {[%clk 1:16:51]} Rfd8 {[%clk 1:21:58]} 13. Nd5
{[%clk 1:11:37]} Bxd5 {[%clk 1:18:37]} 14. exd5 {[%clk 1:10:11]} Nc5 {[%clk
1:06:49]} 15. f3 {[%clk 1:03:15]} Rac8 {[%clk 0:51:21]} 16. Rc1 {[%clk 0:58:38]}
Qb8 {[%clk 0:44:21]} 17. c3 {[%clk 0:51:41]} Nb3 {[%clk 0:44:38]} 18. Qc2 {[%clk
0:48:38]} Nxc1 {[%clk 0:44:59]} 19. Qxc1 {[%clk 0:49:01]} Nxd5 {[%clk 0:44:22]}
20. Qd2 {[%clk 0:45:33]} Nxe3 {[%clk 0:43:54]} 21. Qxe3 {[%clk 0:45:49]} d5
{[%clk 0:44:06]} 22. Nd3 {[%clk 0:44:10]} Bd6 {[%clk 0:41:04]} 23. f4 {[%clk
0:39:56]} e4 {[%clk 0:41:14]} 24. Nb4 {[%clk 0:39:41]} Bc5 {[%clk 0:41:35]} 25.
Nc2 {[%clk 0:38:44]} Bxe3+ {[%clk 0:41:59]} 26. Nxe3 {[%clk 0:38:56]} Qa7 {[%clk
0:41:27]} 27. Kh1 {[%clk 0:38:33]} Qxe3 {[%clk 0:41:40]} 28. Bg4 {[%clk 0:38:39]}
Rc7 {[%clk 0:41:29]} 0-1

[Event "Girls U12 Polish Youth Championship"]
[Site "chess24.com"]
[Date "2018.05.03"]
[Round "7"]
[White "Starosta, Martyna"]
[Black "Oborska, Magda"]
[Result "1-0"]
[Board "1"]
[WhiteElo "1607"]
[WhiteTitle "WCM"]
[WhiteCountry "POL"]
[WhiteFideId "21818754"]
[WhiteEloChange "3"]
[BlackElo "1336"]
[BlackCountry "POL"]
[BlackFideId "21852545"]
[BlackEloChange "-3"]

1. e4 {[%clk 1:30:55]} e5 {[%clk 1:30:44]} 2. Nf3 {[%clk 1:31:09]} Nc6 {[%clk
1:31:01]} 3. Bb5 {[%clk 1:31:30]} a6 {[%clk 1:31:15]} 4. Ba4 {[%clk 1:31:51]} Nf6
{[%clk 1:31:26]} 5. O-O {[%clk 1:31:45]} Be7 {[%clk 1:31:23]} 6. Re1 {[%clk
1:32:03]} b5 {[%clk 1:31:22]} 7. Bb3 {[%clk 1:32:29]} O-O {[%clk 1:31:25]} 8. a4
{[%clk 1:32:50]} Bb7 {[%clk 1:29:58]} 9. d3 {[%clk 1:32:32]} h6 {[%clk 1:28:42]}
10. Nbd2 {[%clk 1:30:17]} Bc5 {[%clk 1:26:56]} 11. h3 {[%clk 1:29:16]} Re8 {[%clk
1:22:04]} 12. c3 {[%clk 1:28:17]} d6 {[%clk 1:21:15]} 13. Nf1 {[%clk 1:27:54]}
Ne7 {[%clk 1:20:54]} 14. Ng3 {[%clk 1:26:34]} Ng6 {[%clk 1:19:36]} 15. Nf5 {[%clk
1:24:28]} d5 {[%clk 1:18:26]} 16. Qc2 {[%clk 1:16:14]} dxe4 {[%clk 1:13:59]} 17.
dxe4 {[%clk 1:15:21]} Qd7 {[%clk 1:12:27]} 18. Bd2 {[%clk 1:06:15]} Bxe4 {[%clk
1:07:47]} 19. Rxe4 {[%clk 1:03:53]} Qxf5 {[%clk 1:05:43]} 20. Re2 {[%clk
1:02:38]} Qh5 {[%clk 0:56:34]} 21. Rae1 {[%clk 0:53:39]} e4 {[%clk 0:52:14]} 22.
Nd4 {[%clk 0:52:18]} Ne5 {[%clk 0:50:54]} 23. Be3 {[%clk 0:46:19]} Bxd4 {[%clk
0:47:58]} 24. Bxd4 {[%clk 0:42:04]} Nf3+ {[%clk 0:41:05]} 25. gxf3 {[%clk
0:39:38]} exf3 {[%clk 0:35:38]} 26. Rxe8+ {[%clk 0:38:41]} Nxe8 {[%clk 0:26:29]}
27. Qe4 {[%clk 0:36:07]} c5 {[%clk 0:19:11]} 28. Kh2 {[%clk 0:28:54]} Rd8 {[%clk
0:15:55]} 29. Bc2 {[%clk 0:28:06]} f6 {[%clk 0:06:55]} 30. Qg6 {[%clk 0:21:14]}
Qxg6 {[%clk 0:04:02]} 31. Bxg6 {[%clk 0:21:38]} cxd4 {[%clk 0:02:31]} 32. Rxe8+
{[%clk 0:21:51]} Rxe8 {[%clk 0:02:52]} 33. Bxe8 {[%clk 0:22:18]} dxc3 {[%clk
0:02:12]} 34. bxc3 {[%clk 0:22:38]} bxa4 {[%clk 0:02:32]} 35. Bxa4 {[%clk
0:23:06]} Kf7 {[%clk 0:02:50]} 36. c4 {[%clk 0:23:17]} Ke7 {[%clk 0:02:52]} 37.
c5 {[%clk 0:23:39]} f5 {[%clk 0:02:47]} 38. Kg3 {[%clk 0:23:56]} g5 {[%clk
0:02:53]} 39. Kxf3 {[%clk 0:24:13]} h5 {[%clk 0:02:24]} 40. h4 {[%clk 0:23:23]}
gxh4 {[%clk 0:02:20]} 41. Kg2 {[%clk 0:23:27]} a5 {[%clk 0:01:55]} 42. Kh3 {[%clk
0:23:47]} Ke6 {[%clk 0:02:00]} 43. Kxh4 {[%clk 0:23:57]} Kd5 {[%clk 0:02:02]} 44.
c6 {[%clk 0:24:20]} Kd6 {[%clk 0:02:28]} 45. Kxh5 {[%clk 0:24:45]} Kc7 {[%clk
0:02:26]} 46. Kg5 {[%clk 0:25:10]} 1-0